Impariamo a fare l'amore /

Na minha lista:
Detalhes bibliográficos
Formato: Livro
Idioma:Língua italiana
Publicado em: Roma : Savelli, 1977
coleção:Cultura politica ; 132
Tags: Adicionar Tag
Sem tags, seja o primeiro a adicionar uma tag!

MARC

LEADER 00000nam a22000007i 4500
001 IT\ICCU\RAV\0801238
003 ItRI
005 20260115232312.0
008 011207s1977 it |||||| ||||| |||||c
040 |b ita  |c importazione bologna sebina 
041 7 |a ita  |2 ISO-639-2 
130 0 |a Apprenons à faire l'amour.  |3 IT\ICCU\LO1\0322054  |9 Carpentier, Jean 
245 0 0 |a Impariamo a fare l'amore /  |c Jean Carpentier. 
260 |a Roma :  |b Savelli,  |c 1977 
300 |a 60 p. ;  |c 18 cm 
500 |a Trad. Silvana Pisa Audino . 
830 0 |a Cultura politica ;  |v 132  |0 IT\ICCU\CFI\0070505 
942 |2 ddc  |c BK  |n 0 
952 |0 0  |1 0  |4 0  |6 DOC_613_960000000000000_CAR  |7 0  |9 23847  |a BO  |b BO  |d 2026-01-15  |i 11613  |l 0  |o DOC 613.96 CAR  |p BO11613  |r 2026-01-15 23:23:12  |w 2026-01-15  |x [Sebina 5] [1 v. (2. copia)]  |y BK  |z 1 v. (2. copia) 
952 |0 0  |1 0  |4 0  |6 DOC_613_960000000000000_CAR  |7 0  |9 23848  |a BO  |b BO  |d 2026-01-15  |i 1074  |l 0  |o DOC 613.96 CAR  |p BO1074  |r 2026-01-15 23:23:12  |w 2026-01-15  |x [Sebina 5] [1 v.]  |y BK  |z 1 v. 
999 |c 20311  |d 20311